| 000 | 00358nam a2200145Ia 4500 | ||
|---|---|---|---|
| 008 | 150201s2001 xx 000 0 und d | ||
| 082 |
_a294.6 _bE2001S |
||
| 100 | _aSINGH,HARBAS | ||
| 245 | _aTHE ENCYCLOPAEDIA OF SIKHISM | ||
| 250 | _a2ND | ||
| 260 |
_bPUNJAB UNIVERSITY _aPUNJAB _c2001 |
||
| 300 | _a1-576 | ||
| 650 | _aGENERAL DENTISTRY | ||
| 942 |
_2ddc _cBK |
||
| 999 |
_c4293 _d4293 |
||